Управление рисками фирмы: программы интегративного риск-менеджмента

Detalles Bibliográficos
Outros autores: Вяткин В. Н. Валерий Нурович, Гамза В. А. Владимир Андреевич, Екатеринославский Ю. Ю. Юрий Юдкович, Иванушко П. Н. Павел Николаевич
Summary:Развернутое пособие по современному интегративному риск-менеджменту в масштабах фирмы. Рассмотрены основные понятия, аспекты и классификации рисков, ценности фирмы, находящиеся под рисками, инструментарий диагностики и мониторинга рисков. Разработаны основы методики программного подхода к организации работы службы риск-менеджмента фирмы. Рассматриваются поведение человека «под рисками» и профессия «риск-менеджер». Описывается передовой отечественный и зарубежный опыт риск-менеджмента в организациях разного типа. Для практикующих риск-менеджеров, руководителей, предпринимателей, управленческих консультантов, страховщиков и других специалистов по организации бизнеса, а также студентов, обучающихся по специальности «Менеджмент».
Idioma:ruso
Publicado: Москва, Финансы и статистика, 2006
Subjects:
Formato: MixedMaterials Libro
KOHA link:https://koha.lib.tpu.ru/cgi-bin/koha/opac-detail.pl?biblionumber=118836

MARC

LEADER 00000nam0a2200000 4500
001 118836
005 20231101215510.0
010 |a 5279031089 
035 |a (RuTPU)RU\TPU\book\128590 
090 |a 118836 
100 |a 20070619d2006 km y0rusy50 ca 
101 0 |a rus 
102 |a RU 
105 |a a z 001zy 
200 1 |a Управление рисками фирмы: программы интегративного риск-менеджмента  |f В. Н. Вяткин [и др.] 
210 |a Москва  |c Финансы и статистика  |d 2006 
215 |a 400 с.  |c ил. 
320 |a Литература: с. 396-398. 
330 |a Развернутое пособие по современному интегративному риск-менеджменту в масштабах фирмы. Рассмотрены основные понятия, аспекты и классификации рисков, ценности фирмы, находящиеся под рисками, инструментарий диагностики и мониторинга рисков. Разработаны основы методики программного подхода к организации работы службы риск-менеджмента фирмы. Рассматриваются поведение человека «под рисками» и профессия «риск-менеджер». Описывается передовой отечественный и зарубежный опыт риск-менеджмента в организациях разного типа. Для практикующих риск-менеджеров, руководителей, предпринимателей, управленческих консультантов, страховщиков и других специалистов по организации бизнеса, а также студентов, обучающихся по специальности «Менеджмент». 
606 1 |a Риски  |x Управление  |x Экономика  |2 stltpush  |3 (RuTPU)RU\TPU\subj\36859  |9 58085 
610 1 |a экономика 
610 1 |a экономическая теория 
610 1 |a риски 
610 1 |a финансовые риски 
610 1 |a риск-менеджмент 
610 1 |a интегративное управление 
610 1 |a организация 
610 1 |a диагностика 
610 1 |a риск-менеджеры 
686 |a У9(2)212  |v LBC/SL-A  |2 rubbk 
701 1 |a Вяткин  |b В. Н.  |g Валерий Нурович 
701 1 |a Гамза  |b В. А.  |g Владимир Андреевич 
701 1 |a Екатеринославский  |b Ю. Ю.  |g Юрий Юдкович 
701 1 |a Иванушко  |b П. Н.  |g Павел Николаевич 
801 1 |a RU  |b 63413507  |c 20070619  |g PSBO 
801 2 |a RU  |b 63413507  |c 20140203  |g PSBO 
942 |c BK 
959 |a 47/20070604  |d 1  |e 222,00  |f ЧЗГЛ:1